[Event "Corsica Masters KO 21st"]
[Site "Bastia"]
[Date "2017.10.27"]
[Round "3.2"]
[White "Jumabayev, Rinat"]
[Black "Kamsky, Gata"]
[Result "1/2-1/2"]
[WhiteElo "2603"]
[BlackElo "2676"]
[PlyCount "158"]
[EventDate "2017.10.26"]
[EventType "k.o. (rapid)"]
[EventRounds "4"]
[EventCountry "FRA"]
[SourceTitle "CBM 181 Extra"]
[Source "ChessBase"]
[SourceDate "2017.12.12"]
[SourceVersion "1"]
[SourceVersionDate "2017.12.12"]
[SourceQuality "1"]

1. d4 d5 2. c4 c6 3. Nf3 Nf6 4. Qb3 dxc4 5. Qxc4 Bg4 6. Nbd2 Nbd7 7. Qb3 Qb6 8.
Nc4 Qc7 9. g3 Be6 10. Bf4 Qc8 11. Ng5 Bxc4 12. Qxc4 e6 13. Qb3 h6 14. Nf3 a5
15. a3 a4 16. Qc2 Qd8 17. Bg2 Qa5+ 18. Bd2 Qb5 19. Rd1 Be7 20. Bc1 Qa5+ 21. Nd2
Nb6 22. O-O O-O 23. Nf3 Qf5 24. Rd3 Qb5 25. Rdd1 Qc4 26. Rd2 Qxc2 27. Rxc2 Rfd8
28. e3 Nbd7 29. Rd1 Bd6 30. Kf1 Kf8 31. Ke2 Ke7 32. Nd2 Nb6 33. Nf3 Ra5 34. Ne1
g5 35. e4 Bc7 36. h3 Rb5 37. Be3 Nbd7 38. Nd3 Bb8 39. Rc4 Nb6 40. Rc5 Rb3 41.
Rdc1 Ne8 42. h4 gxh4 43. gxh4 Nd6 44. Rh5 Ndc4 45. Rxh6 Nxe3 46. fxe3 e5 47.
Rf1 Nc4 48. Rhf6 Rf8 49. Bh3 exd4 50. Be6 Rxd3 51. Kxd3 Ne5+ 52. Ke2 d3+ 53.
Kd2 Rh8 54. Bxf7 Rxh4 55. Ba2 Bc7 56. Rf7+ Nxf7 57. Rxf7+ Kd8 58. Kxd3 Rh6 59.
Rf8+ Ke7 60. Rf7+ Kd8 61. e5 Bxe5 62. Rxb7 Rh2 63. Be6 Rxb2 64. Rd7+ Ke8 65.
Ra7 Bd6 66. Rxa4 Rb5 67. Ra8+ Ke7 68. Bc4 Rb8 69. Ra7+ Kf6 70. a4 Rd8 71. Ra6
Bc5+ 72. Ke2 Rd6 73. a5 Ke7 74. Ra8 Rd8 75. Ra6 Kd7 76. Bd3 Re8 77. e4 Kc7 78.
Kf3 Kb7 79. Ke2 Rxe4+ 1/2-1/2

[Event "Corsica Masters KO 21st"]
[Site "Bastia"]
[Date "2017.10.29"]
[Round "4.1"]
[White "Kamsky, Gata"]
[Black "Dreev, Alexey"]
[Result "0-1"]
[WhiteElo "2676"]
[BlackElo "2652"]
[PlyCount "92"]
[EventDate "2017.10.26"]
[EventType "k.o. (rapid)"]
[EventRounds "4"]
[EventCountry "FRA"]
[SourceTitle "CBM 181 Extra"]
[Source "ChessBase"]
[SourceDate "2017.12.12"]
[SourceVersion "1"]
[SourceVersionDate "2017.12.12"]
[SourceQuality "1"]

1. f4 d5 2. Nf3 g6 3. g3 Bg7 4. Bg2 Nh6 5. Nc3 c6 6. d3 Qb6 7. e4 dxe4 8. Nxe4
O-O 9. c3 Nf5 10. Qe2 Nd7 11. a4 a5 12. Qf2 Qa6 13. d4 Nd6 14. Nfd2 b6 15. Qe2
Nf5 16. Qxa6 Bxa6 17. Kf2 Rac8 18. Re1 Rfd8 19. g4 Nd6 20. Nxd6 exd6 21. Ne4 d5
22. Ng5 Nf6 23. h3 Re8 24. Be3 Re7 25. Nf3 Ne4+ 26. Kg1 Rce8 27. Ne5 f6 28.
Nxc6 Rc7 29. b4 Rxc6 30. b5 Bxb5 31. axb5 Rxc3 32. f5 Bf8 33. Rac1 Rxe3 34.
Rxe3 Bh6 35. Ree1 Bxc1 36. Rxc1 gxf5 37. gxf5 a4 38. Ra1 Ra8 39. Bxe4 dxe4 40.
Kf2 Kf7 41. Ke3 Ke7 42. Kxe4 a3 43. Kf4 Kd6 44. Kg4 Kd5 45. Kh5 Kxd4 46. Kh6
Ra7 0-1

[Event "Corsica Masters KO 21st"]
[Site "Bastia"]
[Date "2017.10.29"]
[Round "4.2"]
[White "Dreev, Alexey"]
[Black "Kamsky, Gata"]
[Result "1/2-1/2"]
[WhiteElo "2652"]
[BlackElo "2676"]
[PlyCount "109"]
[EventDate "2017.10.26"]
[EventType "k.o. (rapid)"]
[EventRounds "4"]
[EventCountry "FRA"]
[SourceTitle "CBM 181 Extra"]
[Source "ChessBase"]
[SourceDate "2017.12.12"]
[SourceVersion "1"]
[SourceVersionDate "2017.12.12"]
[SourceQuality "1"]

1. d4 Nf6 2. Nf3 g6 3. g3 Bg7 4. Bg2 d5 5. c4 c6 6. Qb3 O-O 7. O-O Qb6 8. Nc3
Rd8 9. Rd1 Bf5 10. Ne1 dxc4 11. Qxc4 Na6 12. e4 Be6 13. Qa4 Qb4 14. Nc2 Qxa4
15. Nxa4 Rd7 16. Be3 Rad8 17. f3 Ne8 18. Bf1 Nec7 19. Nc3 f5 20. Rd2 fxe4 21.
fxe4 b5 22. b3 b4 23. Ne2 Nb5 24. Nf4 Bf7 25. Bxb5 cxb5 26. Rad1 g5 27. Nd3 Bg6
28. Ne5 Bxe5 29. dxe5 Rxd2 30. Rxd2 Rxd2 31. Bxd2 Bxe4 32. Nxb4 Nc7 33. Be3 a5
34. Bb6 axb4 35. Bxc7 Bb1 36. Ba5 Bxa2 37. Bxb4 Kf7 38. Bd2 Bxb3 39. Bxg5 Bc2
40. Bd2 Ke6 41. Bb4 Kxe5 42. Bxe7 Bf5 43. Kf2 Kd4 44. Kf3 Kc4 45. Kf4 Bh3 46.
Kg5 b4 47. Bxb4 Kxb4 48. Kh6 Bf5 49. g4 Bc2 50. h4 Kc5 51. g5 Kd6 52. h5 Ke6
53. g6 hxg6 54. hxg6 Bxg6 55. Kxg6 1/2-1/2

[Event "Moscow Aeroflot op-A 17th"]
[Site "Moscow"]
[Date "2018.02.20"]
[Round "1"]
[White "Shevchenko, Kirill"]
[Black "Kamsky, Gata"]
[Result "1-0"]
[WhiteElo "2538"]
[BlackElo "2677"]
[PlyCount "101"]
[EventDate "2018.02.20"]
[EventType "swiss"]
[EventRounds "9"]
[EventCountry "RUS"]
[SourceTitle "CBM 183 Extra"]
[Source "ChessBase"]
[SourceDate "2018.04.19"]
[SourceVersion "1"]
[SourceVersionDate "2018.04.19"]
[SourceQuality "1"]

1. d4 Nf6 2. c4 e6 3. g3 d5 4. Bg2 Be7 5. Nf3 O-O 6. Nc3 Nbd7 7. Qd3 c6 8. e4
dxe4 9. Nxe4 e5 10. dxe5 Nxe5 11. Nxe5 Qa5+ 12. Bd2 Qxe5 13. Bc3 Qh5 14. Bxf6
gxf6 15. O-O Rd8 16. Qb3 f5 17. Nc3 Bf6 18. Rad1 Be6 19. Qxb7 Bxc3 20. Rxd8+
Rxd8 21. bxc3 Qe2 22. Qe7 Rd1 23. h4 h6 24. Qxa7 Rd2 25. Ra1 Qxc4 26. Qe3 Re2
27. Bf1 Rxe3 28. Bxc4 Re5 29. Bxe6 fxe6 30. a4 Ra5 31. f3 Kf7 32. g4 Kf6 33.
Kf2 Ke5 34. Ke3 f4+ 35. Kd3 Kd5 36. Ra2 e5 37. Ra1 c5 38. c4+ Ke6 39. Ra2 Ra8
40. a5 Rd8+ 41. Ke2 e4 42. a6 Ke5 43. a7 Ra8 44. Ra6 Kd4 45. g5 hxg5 46. hxg5
Kxc4 47. g6 exf3+ 48. Kxf3 Kb5 49. Ra1 c4 50. g7 c3 51. Rb1+ 1-0

[Event "Moscow Aeroflot op-A 17th"]
[Site "Moscow"]
[Date "2018.02.21"]
[Round "2"]
[White "Kamsky, Gata"]
[Black "Sychev, Klementy"]
[Result "1-0"]
[WhiteElo "2677"]
[BlackElo "2529"]
[PlyCount "57"]
[EventDate "2018.02.20"]
[EventType "swiss"]
[EventRounds "9"]
[EventCountry "RUS"]
[SourceTitle "CBM 183 Extra"]
[Source "ChessBase"]
[SourceDate "2018.04.19"]
[SourceVersion "1"]
[SourceVersionDate "2018.04.19"]
[SourceQuality "1"]

1. d4 Nf6 2. Nf3 g6 3. b4 Bg7 4. Bb2 O-O 5. e3 d6 6. Nbd2 e5 7. dxe5 Ng4 8. Rb1
Nxe5 9. Be2 a5 10. b5 Nbd7 11. O-O Qe7 12. Nc4 Nxc4 13. Bxg7 Kxg7 14. Bxc4 Nb6
15. Bd5 Qf6 16. c4 Re8 17. Rc1 Ra7 18. Qd2 Bd7 19. Nd4 Na4 20. f4 Nc5 21. f5 g5
22. Ne6+ fxe6 23. fxe6 Rxe6 24. Rxf6 Rxf6 25. e4 Kg6 26. e5 dxe5 27. Qe3 b6 28.
Qxe5 Rf5 29. Qh8 1-0

[Event "Moscow Aeroflot op-A 17th"]
[Site "Moscow"]
[Date "2018.02.22"]
[Round "3"]
[White "Esipenko, Andrey"]
[Black "Kamsky, Gata"]
[Result "1/2-1/2"]
[WhiteElo "2571"]
[BlackElo "2677"]
[PlyCount "38"]
[EventDate "2018.02.20"]
[EventType "swiss"]
[EventRounds "9"]
[EventCountry "RUS"]
[SourceTitle "CBM 183 Extra"]
[Source "ChessBase"]
[SourceDate "2018.04.19"]
[SourceVersion "1"]
[SourceVersionDate "2018.04.19"]
[SourceQuality "1"]

1. d4 d5 2. c4 c6 3. Nf3 Nf6 4. Nc3 a6 5. e3 Bf5 6. Qb3 Ra7 7. Nh4 Bc8 8. Bd3
b5 9. cxd5 cxd5 10. Nf3 Nc6 11. O-O e6 12. Qd1 Bd6 13. h3 O-O 14. b3 Nb4 15.
Bb1 Rc7 16. Bb2 Bb7 17. a3 Nc6 18. Ne1 b4 19. axb4 Nxb4 1/2-1/2

[Event "Moscow Aeroflot op-A 17th"]
[Site "Moscow"]
[Date "2018.02.23"]
[Round "4"]
[White "Kamsky, Gata"]
[Black "Firouzja, Alireza"]
[Result "1-0"]
[WhiteElo "2677"]
[BlackElo "2549"]
[Annotator "Havasi,G"]
[PlyCount "87"]
[EventDate "2018.02.20"]
[EventType "swiss"]
[EventRounds "9"]
[EventCountry "RUS"]
[SourceTitle "CBM 183"]
[Source "ChessBase"]
[SourceDate "2018.03.14"]
[SourceVersion "1"]
[SourceVersionDate "2018.03.14"]
[SourceQuality "1"]

1. d4 Nf6 2. Nf3 g6 3. Bf4 Bg7 4. c3 O-O 5. e3 d6 6. h3 Nc6 (6... b6) (6...
Nbd7) (6... c5 {are other lines}) 7. Bh2 (7. Be2 Nd7 8. O-O e5 9. Bh2 f5 10. a4
Qe7 11. Na3 Nd8 12. dxe5 Nxe5 13. Nc4 Nxf3+ 14. Bxf3 Nf7 15. Bd5 Be6 16. Na5
Bxd5 17. Qxd5 c6 18. Qb3 Be5 19. Bxe5 Qxe5 20. Qb4 Rad8 21. Rad1 Rd7 22. Nb3
Ng5 23. Qd4 {1/2 (23) Tomashevsky,E (2711)-Salem,A (2656) Sharjah 2017}) 7...
Nd7 8. b4 a6 (8... e5 9. Be2 (9. b5 Ne7 10. a4 a6 11. Nbd2 axb5 12. Bxb5 c6 13.
Be2 Nd5 14. Qc2 $13 {0-1 (59) Bachmann,A (2648)-Baklan,V (2601) Linares 2017})
9... a6 {would lead to the game}) 9. Be2 e5 10. a4 Qe7 11. O-O Kh8 (11... f5
12. Na3 g5 13. b5 axb5 14. axb5 Nd8 15. dxe5 Nxe5 16. Nd4 f4 17. exf4 gxf4 $13
{0-1 (50) Marjanovic,D (2373)-Bersamina,P (2363) Tromsoe 2014}) 12. Na3 a5 $146
{This move locks the Q-side. The alternative move allows White to open the
a-file and leads to an unclear position.} (12... f5 13. b5 axb5 14. axb5 Nd8
15. Qb3 f4 $13 {1-0 (33) Christenson,F (2303)-Osttveit,M (2068) Trondheim 2004
was an unclear position.}) 13. b5 Nd8 14. Nc4 (14. c4 {The aim of this move is
to make the c3-square free and then manouvre the N to b1-c3-d5.} b6 15. Nb1 f5
16. Nc3 Ne6 $13) 14... b6 15. e4 (15. Re1 Bb7 {seems to be a comfortable
position for Black with this strong b7 B, it is around equal.}) 15... Bb7 16.
Re1 {The point of the last two moves (e4 and Re1) was to lock the diagonal of
the strong B. This is also a sacrifice, Black can take the P, but then the
e-file opens, that is somewhat unpleasant for him. On the other hand, White
might have difficulties regaining the P.} (16. d5 Nc5 $15) 16... Bxe4 17. dxe5
dxe5 (17... Nxe5 {would be inaccurate} 18. Nfxe5 dxe5 19. Bf3 $1 $36) 18. Bd3
Bxf3 (18... Bxd3 {would be inaccurate} 19. Ncxe5 $1 Nxe5 20. Nxe5 $36) 19. Qxf3
Rb8 20. Qe3 Re8 (20... f6 21. f4 Bh6 22. Qf3 Nf7 $15) 21. Rad1 f5 {This move
allows White to regain the P and get a better position.} (21... Nb7 $15 {
With the plan of placing the N on the strong c5 square seems better.}) 22. Qd2
$1 Nf7 23. Bxf5 Nc5 24. Bc2 $14 {The e5 P is isolated, there are weak spots in
Black's camp, but the black pieces seem to be solid, so White has a very
slight advantage.} Rbd8 25. Qe3 Rxd1 26. Rxd1 e4 (26... Qe6 {might be slightly
better, to avoid opening the diagonal of the h2 B.} 27. Qe2 Bh6 $13 {With the
plan of Bf4 and if White plays g3, then the h2 B will be closed in.}) 27. Bf4 {
Prepares Qg3 to put pressure on the c7 P.} Bf6 (27... Qe6 {seems to be bad due
to} 28. Nxa5 {, but Black can play} Ne5 {and Black has a good position}) 28.
Qg3 Ne6 29. Re1 (29. Bxe4 Nxf4 30. Qxf4 Bxc3 31. Bc6 {is the suggestion of the
computer with some White advantage, but after} Rf8 {it looks drawish because
of the opposite-coloured Bs.}) 29... Bh4 30. Qe3 Bg5 {After this move Black
loses the e4 P and White will advance with his pieces to the weak spots of the
Black position and then wn the game.} (30... Nxf4 $1 {would lead to an equal
position by force} 31. Qxf4 Nd6 32. Nxd6 Rf8 33. Qxf8+ $1 {only move,
otherwise White is worse} Qxf8 34. Nxe4 $11) 31. Bxg5 Qxg5 (31... Nexg5 32.
Qd4+ Kg8 33. h4 $16) 32. Qxg5 Nfxg5 33. h4 Nf7 34. Rxe4 $16 Ng7 35. Rd4 $1 {
Heading to d7.} Re7 36. Kf1 Ne8 37. Ne3 $1 {Placing the N on the strong
d5-square.} Kg7 38. Bb3 $1 {Activating the B.} Nfd6 39. Nd5 $1 Rd7 40. Nf4 $1 {
And then to the e6-square.} Re7 41. g4 $1 {And this exact move deprives Black
of any counterchances.} Nb7 42. Ne6+ Kf6 43. g5+ Kf5 44. Nf8 {The threat is
Bc2+ and f4, that leads to a mate, the only way to defend it is Nd6-e4, but f3
wins the N and the game.} 1-0

[Event "Moscow Aeroflot op-A 17th"]
[Site "Moscow"]
[Date "2018.02.24"]
[Round "5"]
[White "Tari, Aryan"]
[Black "Kamsky, Gata"]
[Result "1/2-1/2"]
[WhiteElo "2597"]
[BlackElo "2677"]
[PlyCount "47"]
[EventDate "2018.02.20"]
[EventType "swiss"]
[EventRounds "9"]
[EventCountry "RUS"]
[SourceTitle "CBM 183 Extra"]
[Source "ChessBase"]
[SourceDate "2018.04.19"]
[SourceVersion "1"]
[SourceVersionDate "2018.04.19"]
[SourceQuality "1"]

1. e4 e5 2. Nf3 Nc6 3. Bb5 g6 4. c3 d6 5. d4 Bd7 6. O-O Bg7 7. Be3 Nf6 8. dxe5
dxe5 9. Nbd2 O-O 10. Re1 Re8 11. h3 h6 12. a4 a6 13. Bc4 b6 14. b4 Qc8 15. a5
bxa5 16. bxa5 Be6 17. Bf1 Bf8 18. Qa4 Bd7 19. Qc2 Be6 20. Qa4 Bd7 21. Qc2 Be6
22. Nc4 Rb8 23. Reb1 Rxb1 24. Rxb1 1/2-1/2

[Event "Moscow Aeroflot op-A 17th"]
[Site "Moscow"]
[Date "2018.02.25"]
[Round "6"]
[White "Kamsky, Gata"]
[Black "Predke, Alexandr"]
[Result "1/2-1/2"]
[WhiteElo "2677"]
[BlackElo "2595"]
[PlyCount "38"]
[EventDate "2018.02.20"]
[EventType "swiss"]
[EventRounds "9"]
[EventCountry "RUS"]
[SourceTitle "CBM 183 Extra"]
[Source "ChessBase"]
[SourceDate "2018.04.19"]
[SourceVersion "1"]
[SourceVersionDate "2018.04.19"]
[SourceQuality "1"]

1. d4 Nf6 2. Bg5 e6 3. Nf3 h6 4. Bh4 c5 5. e3 cxd4 6. exd4 Be7 7. c3 b6 8. Nbd2
O-O 9. Bd3 Ba6 10. Qe2 Bxd3 11. Qxd3 Nc6 12. O-O Nh5 13. Bxe7 Qxe7 14. Rae1 Nf4
15. Qe4 Nd5 16. Ne5 Nxe5 17. dxe5 d6 18. Nc4 dxe5 19. Nxe5 Nf6 1/2-1/2

[Event "Moscow Aeroflot op-A 17th"]
[Site "Moscow"]
[Date "2018.02.26"]
[Round "7"]
[White "Xu, Yi"]
[Black "Kamsky, Gata"]
[Result "1/2-1/2"]
[WhiteElo "2490"]
[BlackElo "2677"]
[PlyCount "38"]
[EventDate "2018.02.20"]
[EventType "swiss"]
[EventRounds "9"]
[EventCountry "RUS"]
[SourceTitle "CBM 183 Extra"]
[Source "ChessBase"]
[SourceDate "2018.04.19"]
[SourceVersion "1"]
[SourceVersionDate "2018.04.19"]
[SourceQuality "1"]

1. e4 b6 2. d4 Bb7 3. Bd3 e6 4. Nf3 d6 5. c4 g6 6. Nc3 Bg7 7. O-O Nd7 8. Be3
Ngf6 9. h3 O-O 10. Qd2 e5 11. d5 Nh5 12. Nh2 a5 13. Be2 Nf4 14. Bf3 Bc8 15. h4
Nc5 16. g3 f5 17. gxf4 Qxh4 18. Bg2 fxe4 19. fxe5 Rf5 1/2-1/2

[Event "Moscow Aeroflot op-A 17th"]
[Site "Moscow"]
[Date "2018.02.27"]
[Round "8"]
[White "Kamsky, Gata"]
[Black "Antipov, Mikhail Al"]
[Result "1-0"]
[WhiteElo "2677"]
[BlackElo "2598"]
[PlyCount "47"]
[EventDate "2018.02.20"]
[EventType "swiss"]
[EventRounds "9"]
[EventCountry "RUS"]
[SourceTitle "CBM 183 Extra"]
[Source "ChessBase"]
[SourceDate "2018.04.19"]
[SourceVersion "1"]
[SourceVersionDate "2018.04.19"]
[SourceQuality "1"]

1. e4 e6 2. d4 d5 3. exd5 exd5 4. Nf3 Bf5 5. Bd3 Bxd3 6. Qxd3 Nc6 7. O-O Qd7 8.
Re1+ Nge7 9. Bd2 f6 10. b4 a6 11. a4 g5 12. Na3 g4 13. Nh4 Kf7 14. b5 axb5 15.
Nxb5 Ng6 16. Qf5 Rd8 17. Qh5 Nce7 18. Bf4 Kg7 19. Bxc7 Rc8 20. Rxe7+ Bxe7 21.
Nf5+ Kf7 22. Bd6 Bf8 23. Bxf8 Kxf8 24. Re1 1-0

[Event "Moscow Aeroflot op-A 17th"]
[Site "Moscow"]
[Date "2018.02.28"]
[Round "9"]
[White "Khalifman, Alexander"]
[Black "Kamsky, Gata"]
[Result "1/2-1/2"]
[WhiteElo "2614"]
[BlackElo "2677"]
[PlyCount "25"]
[EventDate "2018.02.20"]
[EventType "swiss"]
[EventRounds "9"]
[EventCountry "RUS"]
[SourceTitle "CBM 183 Extra"]
[Source "ChessBase"]
[SourceDate "2018.04.19"]
[SourceVersion "1"]
[SourceVersionDate "2018.04.19"]
[SourceQuality "1"]

1. d4 d5 2. c4 c6 3. Nf3 Nf6 4. Nc3 a6 5. e3 g6 6. Be2 Bg7 7. O-O O-O 8. a4 a5
9. cxd5 cxd5 10. b3 Bg4 11. Ne1 Bxe2 12. Qxe2 Qb6 13. Nb5 1/2-1/2

[Event "Reykjavik op"]
[Site "Reykjavik"]
[Date "2018.03.06"]
[Round "1"]
[White "Kamsky, Gata"]
[Black "Doluhanova, Evgeniya"]
[Result "1-0"]
[WhiteElo "2677"]
[BlackElo "2275"]
[PlyCount "73"]
[EventDate "2018.03.06"]
[EventType "swiss"]
[EventRounds "9"]
[EventCountry "ISL"]
[SourceTitle "CBM 183 Extra"]
[Source "ChessBase"]
[SourceDate "2018.04.19"]
[SourceVersion "1"]
[SourceVersionDate "2018.04.19"]
[SourceQuality "1"]

1. e4 c5 2. Nf3 d6 3. Nc3 a6 4. a4 Nf6 5. e5 dxe5 6. Nxe5 Nbd7 7. Nc4 g6 8. a5
Bg7 9. g3 b5 10. axb6 Bb7 11. Rg1 O-O 12. Na5 Rb8 13. Nxb7 Rxb7 14. Rxa6 Nxb6
15. Qf3 Rb8 16. Be2 e5 17. Kf1 Re8 18. d3 Nfd5 19. Nxd5 Nxd5 20. Ra7 f5 21. Kg2
Nc7 22. c3 Qd6 23. Rd1 h6 24. d4 cxd4 25. cxd4 Qb6 26. Qa3 exd4 27. Bf3 Nb5 28.
Qa2+ Kh8 29. Ra6 Qc5 30. Rxg6 Rb6 31. Qf7 Re7 32. Qxe7 Qxe7 33. Rxb6 Nd6 34.
Bf4 Ne4 35. Rc1 Qa7 36. Rb8+ Kh7 37. Rc7 1-0

[Event "Reykjavik op"]
[Site "Reykjavik"]
[Date "2018.03.07"]
[Round "3"]
[White "Kamsky, Gata"]
[Black "Loiseau, Quentin"]
[Result "1-0"]
[WhiteElo "2677"]
[BlackElo "2427"]
[PlyCount "67"]
[EventDate "2018.03.06"]
[EventType "swiss"]
[EventRounds "9"]
[EventCountry "ISL"]
[SourceTitle "CBM 183 Extra"]
[Source "ChessBase"]
[SourceDate "2018.04.19"]
[SourceVersion "1"]
[SourceVersionDate "2018.04.19"]
[SourceQuality "1"]

1. e4 c5 2. Nf3 Nc6 3. Nc3 Nf6 4. Bb5 g6 5. O-O Bg7 6. d3 O-O 7. h3 Nd4 8. Bc4
d6 9. a3 Nd7 10. Ba2 b5 11. Bg5 h6 12. Bh4 Bb7 13. Nxd4 cxd4 14. Ne2 d5 15. f3
Nb6 16. Qd2 Qd7 17. e5 Bxe5 18. Qxh6 Bg7 19. Qg5 Rac8 20. Rac1 Na4 21. f4 Qe6
22. Rfe1 Bf6 23. Qg3 Nxb2 24. Bb3 Nc4 25. dxc4 dxc4 26. Ba2 Bg7 27. Kh2 Qd6 28.
Rcd1 e5 29. f5 Qc6 30. Rf1 Qe4 31. Rde1 Qxc2 32. f6 Qxa2 33. fxg7 Rfe8 34. Bf6
1-0

[Event "Reykjavik op"]
[Site "Reykjavik"]
[Date "2018.03.08"]
[Round "4"]
[White "Friedel, Joshua E"]
[Black "Kamsky, Gata"]
[Result "1/2-1/2"]
[WhiteElo "2562"]
[BlackElo "2677"]
[PlyCount "68"]
[EventDate "2018.03.06"]
[EventType "swiss"]
[EventRounds "9"]
[EventCountry "ISL"]
[SourceTitle "CBM 183 Extra"]
[Source "ChessBase"]
[SourceDate "2018.04.19"]
[SourceVersion "1"]
[SourceVersionDate "2018.04.19"]
[SourceQuality "1"]

1. d4 Nf6 2. c4 g6 3. g3 c6 4. Bg2 d5 5. Nf3 Bg7 6. O-O O-O 7. Qb3 Qb6 8. Nc3
Rd8 9. Bd2 Be6 10. Na4 Qxb3 11. axb3 Na6 12. Rfc1 Ne4 13. Ba5 Rdc8 14. e3 f5
15. Bf1 dxc4 16. bxc4 c5 17. Nc3 Nxc3 18. Bxc3 cxd4 19. Bxd4 Nc5 20. Ra3 Ne4
21. b4 a6 22. Bxg7 Kxg7 23. Nd4 Bf7 24. c5 e5 25. Nb3 Rc7 26. Rd1 Rb8 27. f3
Nc3 28. Rd6 Nd5 29. Bc4 Nxb4 30. Bxf7 Kxf7 31. Ra4 Nc6 32. g4 fxg4 33. fxg4 Kg7
34. Nd2 Rf8 1/2-1/2

[Event "Reykjavik op"]
[Site "Reykjavik"]
[Date "2018.03.10"]
[Round "5"]
[White "Kamsky, Gata"]
[Black "Bartholomew, John"]
[Result "1-0"]
[WhiteElo "2677"]
[BlackElo "2477"]
[PlyCount "87"]
[EventDate "2018.03.06"]
[EventType "swiss"]
[EventRounds "9"]
[EventCountry "ISL"]
[SourceTitle "CBM 183 Extra"]
[Source "ChessBase"]
[SourceDate "2018.04.19"]
[SourceVersion "1"]
[SourceVersionDate "2018.04.19"]
[SourceQuality "1"]

1. e4 d5 2. exd5 Qxd5 3. Nc3 Qd8 4. Nf3 Nf6 5. Bc4 a6 6. a4 Nc6 7. h3 Bf5 8. d3
h6 9. g4 Bg6 10. Bf4 e6 11. Ne5 Nxe5 12. Bxe5 Bd6 13. Qe2 Bxe5 14. Qxe5 O-O 15.
f4 b5 16. Bb3 Nd7 17. Qe3 c5 18. O-O Qb6 19. f5 exf5 20. Nd5 Qd6 21. gxf5 Bh7
22. Qf4 Qxf4 23. Rxf4 Rfd8 24. Kf2 Kf8 25. Re1 Ra7 26. h4 Rb7 27. a5 Re8 28.
Rxe8+ Kxe8 29. f6 gxf6 30. Nxf6+ Nxf6 31. Rxf6 c4 32. dxc4 bxc4 33. Ba4+ Ke7
34. Rb6 Rxb6 35. axb6 Kd6 36. Ke3 Bf5 37. Kd4 Be6 38. c3 f6 39. b7 Kc7 40. Bc6
a5 41. Bf3 Bf7 42. Kc5 h5 43. Kb5 f5 44. Kc5 1-0

[Event "Reykjavik op"]
[Site "Reykjavik"]
[Date "2018.03.11"]
[Round "6"]
[White "Nihal, Sarin"]
[Black "Kamsky, Gata"]
[Result "1/2-1/2"]
[WhiteElo "2534"]
[BlackElo "2677"]
[PlyCount "60"]
[EventDate "2018.03.06"]
[EventType "swiss"]
[EventRounds "9"]
[EventCountry "ISL"]
[SourceTitle "CBM 183 Extra"]
[Source "ChessBase"]
[SourceDate "2018.04.19"]
[SourceVersion "1"]
[SourceVersionDate "2018.04.19"]
[SourceQuality "1"]

1. d4 Nf6 2. c4 g6 3. Nc3 Bg7 4. e4 d6 5. Be2 c6 6. Nf3 O-O 7. O-O Bg4 8. Be3
Nbd7 9. Nd2 Bxe2 10. Qxe2 a6 11. f4 Ne8 12. a4 Nc7 13. a5 Rb8 14. e5 f5 15. c5
d5 16. Nf3 Ne6 17. Qf2 Rf7 18. Ng5 Nxg5 19. fxg5 Nf8 20. Ne2 Ne6 21. Qh4 Qd7
22. Nf4 Nxf4 23. Bxf4 e6 24. Ra3 Bf8 25. b4 Be7 26. Qh3 Rbf8 27. Rg3 Rg7 28.
Qh6 Bd8 29. Qh3 Be7 30. Qh6 Bd8 1/2-1/2

[Event "Reykjavik op"]
[Site "Reykjavik"]
[Date "2018.03.12"]
[Round "7"]
[White "Kamsky, Gata"]
[Black "Stefansson, Hannes"]
[Result "1/2-1/2"]
[WhiteElo "2677"]
[BlackElo "2533"]
[PlyCount "60"]
[EventDate "2018.03.06"]
[EventType "swiss"]
[EventRounds "9"]
[EventCountry "ISL"]
[SourceTitle "CBM 183 Extra"]
[Source "ChessBase"]
[SourceDate "2018.04.19"]
[SourceVersion "1"]
[SourceVersionDate "2018.04.19"]
[SourceQuality "1"]

1. e4 e5 2. Nf3 Nc6 3. Bb5 Nf6 4. O-O Nxe4 5. d4 Nd6 6. Bxc6 dxc6 7. dxe5 Nf5
8. Qxd8+ Kxd8 9. Rd1+ Ke8 10. Nc3 Be7 11. Bf4 h5 12. g3 Bd7 13. b3 Rd8 14. h4
Bc8 15. Ne4 Be6 16. Neg5 Rxd1+ 17. Rxd1 Rh6 18. c4 Rg6 19. Kh2 Bc8 20. e6 f6
21. Ne4 Bxe6 22. Bxc7 Rh6 23. Nd4 Nxd4 24. Rxd4 Rh8 25. Bd6 Kf7 26. c5 b5 27.
Bxe7 Kxe7 28. Nd6 a5 29. Re4 Kd7 30. Rd4 Ke7 1/2-1/2

[Event "Reykjavik op"]
[Site "Reykjavik"]
[Date "2018.03.13"]
[Round "8"]
[White "Abdusattorov, Nodirbek"]
[Black "Kamsky, Gata"]
[Result "1/2-1/2"]
[WhiteElo "2518"]
[BlackElo "2677"]
[PlyCount "120"]
[EventDate "2018.03.06"]
[EventType "swiss"]
[EventRounds "9"]
[EventCountry "ISL"]
[SourceTitle "CBM 183 Extra"]
[Source "ChessBase"]
[SourceDate "2018.04.19"]
[SourceVersion "1"]
[SourceVersionDate "2018.04.19"]
[SourceQuality "1"]

1. e4 c5 2. Nf3 e6 3. d4 cxd4 4. Nxd4 a6 5. Nc3 b5 6. a3 Bb7 7. g3 Nc6 8. Nxc6
Bxc6 9. Bg2 Bc5 10. O-O Ne7 11. Bf4 Rc8 12. Qh5 Bd4 13. Bd6 Bxc3 14. bxc3 O-O
15. Qh4 f6 16. Rfe1 Rf7 17. Bh3 Bb7 18. Re3 Rc4 19. Bxe7 Qxe7 20. Bf1 g5 21.
Qh5 Rxe4 22. Rxe4 Bxe4 23. a4 Qc5 24. axb5 axb5 25. Rd1 Kg7 26. Qe2 Bc6 27. Qd2
e5 28. Rb1 Re7 29. Rb4 Re6 30. Bg2 Rd6 31. Qe1 e4 32. Bf1 h5 33. c4 bxc4 34.
Rxc4 Qd5 35. Qe3 Qd2 36. h4 Qxe3 37. fxe3 gxh4 38. gxh4 Rd2 39. Rc5 Kh6 40. c4
Ra2 41. Rf5 Kg6 42. Rf2 Ra1 43. Rg2+ Kh7 44. Kf2 d5 45. cxd5 Bxd5 46. Be2 Kh6
47. Kg3 Be6 48. Rf2 Kg6 49. Rf4 f5 50. Rf2 Bf7 51. Bf1 Kf6 52. Kf4 Re1 53. Bg2
Be6 54. Rb2 Rc1 55. Rf2 Rc7 56. Rb2 Rg7 57. Bh3 Rg1 58. Bg2 Rc1 59. Rf2 Bb3 60.
Rb2 Be6 1/2-1/2